Modern concepts on water resources (Record no. 1335)

000 -LEADER
fixed length control field 00600nam a22002177a 4500
001 - CONTROL NUMBER
control field 1335
003 - CONTROL NUMBER IDENTIFIER
control field BD-DhUET
008 - FIXED-LENGTH DATA ELEMENTS--GENERAL INFORMATION
fixed length control field 140903b xxu||||| |||| 00| 0 eng d
020 ## - INTERNATIONAL STANDARD BOOK NUMBER
International Standard Book Number 9848090309
040 ## - CATALOGING SOURCE
Original cataloging agency 0
Transcribing agency 0
Modifying agency BD-DhUET
082 ## - DEWEY DECIMAL CLASSIFICATION NUMBER
Classification number 628.16068095492
Item number FAI/2007
100 ## - MAIN ENTRY--PERSONAL NAME
Personal name Faisal Hossain
245 ## - TITLE STATEMENT
Title Modern concepts on water resources
Statement of responsibility, etc. by Faisal Hossain,Md. Delawer Hossain
250 ## - EDITION STATEMENT
Edition statement Ist ed.
260 ## - PUBLICATION, DISTRIBUTION, ETC. (IMPRINT)
Place of publication, distribution, etc. Dhaka
Name of publisher, distributor, etc. UGC,
Date of publication, distribution, etc. 2007
300 ## - PHYSICAL DESCRIPTION
Extent xv,222p.
504 ## - BIBLIOGRAPHY, ETC. NOTE
Bibliography, etc Includes bibliographies
650 #0 - SUBJECT ADDED ENTRY--TOPICAL TERM
Topical term or geographic name as entry element Water resources management
Geographic subdivision Bangladesh
700 ## - ADDED ENTRY--PERSONAL NAME
Personal name Delawer Hossain, Md.
942 ## - ADDED ENTRY ELEMENTS (KOHA)
Koha item type General Book
Holdings
Koha item type Withdrawn status Not for loan Damaged status Copy number Date acquired Piece designation (barcode) Koha full call number Source of classification or shelving scheme Location (home branch) Sublocation or collection (holding branch) Shelving location Koha normalized classification for sorting Price effective from Lost status Koha date last seen
General Book   12014-09-03103500628.16068095492/FAI/2007 Central Library, BUETCentral Library, BUETCirculation section628_160680954920000_FAI_20072014-09-03 2014-09-03
General Book   22014-09-03103501628.16068095492/FAI/2007 Central Library, BUETCentral Library, BUETCirculation section628_160680954920000_FAI_20072014-09-03 2014-09-03
General Book   32014-09-03103502628.16068095492/FAI/2007 Central Library, BUETCentral Library, BUETCirculation section628_160680954920000_FAI_20072014-09-03 2014-09-03
General Book   42014-09-03103503628.16068095492/FAI/2007 Central Library, BUETCentral Library, BUETCirculation section628_160680954920000_FAI_20072014-09-03 2014-09-03
General Book   52014-09-03103504628.16068095492/FAI/2007 Central Library, BUETCentral Library, BUETCirculation section628_160680954920000_FAI_20072014-09-03 2014-09-03
General Book   62014-09-03103505628.16068095492/FAI/2007 Central Library, BUETCentral Library, BUETCirculation section628_160680954920000_FAI_20072014-09-03 2014-09-03
General Book   72014-09-03103506628.16068095492/FAI/2007 Central Library, BUETCentral Library, BUETCirculation section628_000000000000000_16068095492014-09-03 2014-09-03
General Book   82014-09-03103507628.16068095492/FAI/2007 Central Library, BUETCentral Library, BUETCirculation section628_000000000000000_16068095492014-09-03 2014-09-03
General Book   92014-09-03103508628.16068095492/FAI/2007 Central Library, BUETCentral Library, BUETCirculation section628_160680954920000_FAI_20072014-09-03 2014-09-03
General Book   102014-09-03103509628.16068095492/FAI/2007 Central Library, BUETCentral Library, BUETCirculation section628_000000000000000_16068095492014-09-03 2014-09-03
General Book   112016-07-26114242628.16068095492/FAI/2007 Central Library, BUETCentral Library, BUETCirculation section628_160680954920000_FAI_20072016-07-26 2016-07-26
General Book   122016-07-26114243628.16068095492/FAI/2007 Central Library, BUETCentral Library, BUETCirculation section628_160680954920000_FAI_20072016-07-26 2016-07-26